00911nam a2200241 a 450000100060000000300080000600500170001400800410003103500190007204000320009104100080012308200330013124500490016424600730021324600450028626000750033130000270040650400250043350501160045865000170057470000260059170000520061768381BD-RjUL20211209081749.0190212m19581956enka b 000 0 eng d a(BD-RjUL)68591 aBKMcBKMdMYGdBD-RjULbeng aeng 223a537bELE V-1-2 1958-196200aElectricity, magnetism, and atomic physics . aElectricity and magnetism (V-1) / by J.H. Fewkes and John Yarwood.  aAtomic physics (V-2) / by John Yarwood. aLondon :bUniversity Tutorial Press Ltd. ,c1956 -1958[Reprinted 1962] a2 v.. :bill. ;c22 cm aIncludes references.0 aVol. 1. Electricity and magnetism / by J.H. Fewkes and John Yarwood. -- v. 2. Atomic physics / by John Yarwood. 0aElectricity. aFewkes, J. H. , (V-1) aYarwood, John , jt. auth. of (V-1 ) and (V-2)